Statistics for Boston Celtics Players

Click here to take the quiz!

General Stats

  • This quiz has been taken 46 times
  • The average score is 8 of 13

Answer Stats

Career Answer % Correct
1956-1969Bill Russell
91%
1979-1992Larry Bird
86%
1996-2016Kevin Garnett
80%
1950-1970Bob cousy
73%
1981-1993Kevin McHale
73%
1976-1999Robert Parish
66%
1997-2014Ray Allen
64%
2007-2017Rajon Rondo
61%
1970-1983Dave Cowens
43%
2012-2017Isaiah Thomas
43%
1957-1969Sam Jones
39%
1976-1990Dennis Johnson
27%
2013-2017Jae Crowder
14%

Score Distribution

Percentile by Number Answered

Percent of People with Each Score

Your Score History

You have not taken this quiz